Famous shops in the UK - Statistics

General Stats
  • This quiz has been taken 144 times
  • The average score is 5 of 12
Answer Stats
Hint Answer % Correct
Grocery Tesco
94%
Grocery Lidl
87%
Grocery Aldi
77%
Grocery Asda
71%
Clothes Primark
47%
Clothes M&S
41%
Grocery Co-op
33%
Breakfast Costa
26%
Cloths H&M
26%
Breakfast Caffe Nero
10%
Grocery Food Warehouse
1%
Clothes Georges
1%
No matching quizzes found
Score Distribution
Percent of People with Each Score
Percentile by Number Answered
Your Score History
You have not taken this quiz